00586 2200193 4500001002100000005001500021035002000036007000300056008003900059082001000098084001700108100001400125245012500139260005200264300004200316650001100358650001000369022001300379INLIS00000000000094120240909084326 a0010-0924000019ta240909 | | |  a635.6 a635.6 LIU p0 aLiu, Ping1 aPrediction of suitable regions of wild tomato provides insights on domesticated tomato cultivation in China /cLiu, Ping aUnited Kingdom, London :bBioMed Central,c2024 a1-10 hlm, :bilus, ;c21 cm X 29,5 cm 4aJurnal 4aTomat a14712229